000 00841nam0a22002531 4500
001 rc\529813
005 20030616165447.2
010 _a5-11-000553-2
_92000
035 _a(NLR Aleph) 005767915
090 _a5004099
_c5004099
100 _a20030616d1988 u |0rusy50 ca
101 0 _arus
102 _aRU
105 _aa |||||||||
200 1 _aПродуктивность и возобновление леса в горных условиях
210 _aЛьвов
_cВища шк. Изд-во при Львов. гос. ун-те
_d1988
215 _a142, [1] с.
_cил.
_d22
320 _aБиблиогр.: с. 138-141 (108 назв.)
700 1 _aСабан
_bЯ. А.
_gЯрослав Александрович
801 0 _aRU
_bNLR
_gpsbo
801 1 _aRU
_bELAR
_2rusmarc
852 _aNLR
_j88-5/2901
942 _cBOOK
980 _aNB